La formación de educadores de adultos: una problemática no resuelta en la Región /

Сохранить в:
Библиографические подробности
Главный автор: Madrigal, Ma. Antonieta
Формат: Текст
Метки: Добавить метку
Нет меток, Требуется 1-ая метка записи!

MARC

LEADER 00000 a a2200000 04500
001 47304
003
040
090 |a REV1737 14(1)1991  
100 |a Madrigal, Ma. Antonieta  
245 |a La formación de educadores de adultos:   |b una problemática no resuelta en la Región /  |c Ma. Antonieta Madrigal  
500 |a Colección Alforja  
773 |g volumen14, número1, (1991) 11-38  
999 |c 34970  |d 34970